Gut und böse: antithetisches Denken im Neuen Testament und bei Jesus Sirach

Saved in:  
Bibliographic Details
Main Author: Wischmeyer, Oda 1944- (Author)
Format: Print Article
Language:German
Check availability: HBZ Gateway
Interlibrary Loan:Interlibrary Loan for the Fachinformationsdienste (Specialized Information Services in Germany)
Published: 1999
In: Treasures of wisdom
Year: 1999, Pages: 129-136
Standardized Subjects / Keyword chains:B Sirach / The Good / Evil / Wisdom literature / Old Testament / New Testament
IxTheo Classification:HB Old Testament
HC New Testament
Further subjects:B Sirach
B Poetics
B New Testament
B Dualism

MARC

LEADER 00000caa a22000002c 4500
001 1535002689
003 DE-627
005 20240117204409.0
007 tu
008 160405s1999 xx ||||| 00| ||ger c
020 |a 9789042907546 
035 |a (DE-627)1535002689 
035 |a (DE-576)465002684 
035 |a (DE-599)BSZ465002684 
040 |a DE-627  |b ger  |c DE-627  |e rakwb 
041 |a ger 
084 |a 1  |2 ssgn 
100 1 |0 (DE-588)128493631  |0 (DE-627)373915357  |0 (DE-576)163596603  |4 aut  |a Wischmeyer, Oda  |d 1944- 
109 |a Wischmeyer, Oda 1944-  |a Wischmeyer, O. 1944-  |a Wischmeyer, Odar 1944- 
245 1 0 |a Gut und böse  |b antithetisches Denken im Neuen Testament und bei Jesus Sirach 
264 1 |c 1999 
336 |a Text  |b txt  |2 rdacontent 
337 |a ohne Hilfsmittel zu benutzen  |b n  |2 rdamedia 
338 |a Band  |b nc  |2 rdacarrier 
601 |a Testament 
630 0 7 |0 (DE-588)4055145-3  |0 (DE-627)106159399  |0 (DE-576)209112425  |a Bibel  |p Jesus Sirach  |2 gnd 
630 0 7 |0 (DE-588)4041771-2  |0 (DE-627)106217658  |0 (DE-576)209046724  |a Bibel  |p Neues Testament  |2 gnd 
650 0 7 |0 (DE-588)4046449-0  |0 (DE-627)106197959  |0 (DE-576)209069651  |a Poetik  |2 gnd 
650 0 7 |0 (DE-588)4130223-0  |0 (DE-627)105704148  |0 (DE-576)209617152  |a Dualismus  |2 gnd 
652 |a HB:HC 
689 0 0 |d u  |0 (DE-588)4055145-3  |0 (DE-627)106159399  |0 (DE-576)209112425  |a Bibel  |2 gnd  |p Jesus Sirach 
689 0 1 |d s  |0 (DE-588)4022600-1  |0 (DE-627)106307991  |0 (DE-576)208944702  |2 gnd  |a Das Gute 
689 0 2 |d s  |0 (DE-588)4007524-2  |0 (DE-627)104162554  |0 (DE-576)208870830  |2 gnd  |a Das Böse 
689 0 3 |d s  |0 (DE-588)4189481-9  |0 (DE-627)105256676  |0 (DE-576)210060034  |2 gnd  |a Weisheitsliteratur 
689 0 4 |d u  |0 (DE-588)4001515-4  |0 (DE-627)104603666  |0 (DE-576)208843116  |a Bibel  |2 gnd  |p Altes Testament 
689 0 5 |d u  |0 (DE-588)4041771-2  |0 (DE-627)106217658  |0 (DE-576)209046724  |a Bibel  |2 gnd  |p Neues Testament 
689 0 |5 (DE-627) 
773 0 8 |i In  |t Treasures of wisdom  |d Leuven : Leuven University Press ; Peeters, 1999  |g (1999), Seite 129-136  |h XXVII, 463, 7 S  |w (DE-627)321197860  |w (DE-576)079583849  |z 2877234509  |z 9061869560  |z 9042907541  |7 nnam 
773 1 8 |g year:1999  |g pages:129-136 
889 |w (DE-576)519221087 
889 |w (DE-627)1589221087 
935 |a mteo  |a BIIN 
951 |a AR 
BIB |a 1 
BIR |a 77000000_77999999  |b biblesearch 
ELC |b 1 
ITA |a 1  |t 1 
LOK |0 000 xxxxxcx a22 zn 4500 
LOK |0 001 2914256337 
LOK |0 003 DE-627 
LOK |0 004 1535002689 
LOK |0 005 20160405122443 
LOK |0 008 160404||||||||||||||||ger||||||| 
LOK |0 040   |a DE-Tue135  |c DE-627  |d DE-Tue135 
LOK |0 092   |o n 
LOK |0 852   |a DE-Tue135 
LOK |0 852 1  |9 00 
LOK |0 935   |a ixfe  |a ixmi 
LOK |0 936ln  |0 1442044128  |a HB 
LOK |0 936ln  |0 1442044136  |a HC 
LOK |0 939   |a 04-04-16  |b l01 
LOK |0 000 xxxxxcx a22 zn 4500 
LOK |0 001 3059004218 
LOK |0 003 DE-627 
LOK |0 004 1535002689 
LOK |0 005 20240117204409 
LOK |0 008 240117||||||||||||||||ger||||||| 
LOK |0 035   |a (DE-Tue135-1)117800 
LOK |0 040   |a DE-Tue135-1  |c DE-627  |d DE-Tue135-1 
LOK |0 852   |a DE-Tue135-1 
LOK |0 852 1  |m p  |9 00 
LOK |0 852 2  |b FTH 205-F61 GILB  |9 00 
LOK |0 8564   |u https://bibsearch.uibk.ac.at/AC02676844 
LOK |0 935   |a iFSA 
LOK |0 936ln  |0 1442044128  |a HB 
LOK |0 936ln  |0 1442044136  |a HC 
LOK |0 938   |k p 
LOK |0 939   |a 11-03-19  |b l12 
ORI |a SA-MARC-ixtheoa001.raw 
REF |a Weisheitsbücher 
STA 0 0 |a Dualism,Dualism,Dualism in art,Evil,Evil,Poetics,The Good,Good and evil,Wisdom literature 
STB 0 0 |a Dualisme,Dualisme,Le bien,Bien (philosophie),Le mal,Littérature sapientiale,Poétique 
STC 0 0 |a Dualismo,Dualismo,El malo,Literatura sapiencial,Lo bien,Poética 
STD 0 0 |a Dualismo,Dualismo,Il bene,Il male,Letteratura sapienziale,Poetica 
STE 0 0 |a 二元论,二元论,智慧文学,罪恶,恶,邪恶,罪恶,恶,邪恶,诗学,诗论,那 好的,那 美善的,那 善的 
STF 0 0 |a 二元論,二元論,智慧文學,罪惡,惡,邪惡,罪惡,惡,邪惡,詩學,詩論,那 好的,那 美善的,那 善的 
STG 0 0 |a Dualismo,Dualismo,Literatura sapiencial,O bem,O mal,Poética 
STH 0 0 |a Добро,Дуализм (мотив),Дуализм,Зло,Литература мудрости,Поэтика 
STI 0 0 |a Δυισμός <μοτίβο>,Δυισμός,Δυαδισμός,Δυαδισμός (μοτίβο),Λογοτεχνία σοφίας,Ποιητική,Το Κακό,Το Καλό 
SUB |a BIB 
SYD 0 0 |a Jesus Sirach,Sirach,Sir,Si,Eccli,Eclo,Ecclesiasticus,Jesus Sirach,Ben Sira,Wisdom of Ben Sira,Book of Ben Sira,Book of Sirach,Bibel,Deuterokanonische Bücher,Jesus Sirach,Sapientia Iesu Filii Sirach,Le Livre de l'ecclésiastique,Siracide,Buch Jesus Sirach , Centenary translation of the New Testament,Bibel,Neues Testament,Septembertestament,Das Newe Testament Deutzsch,Bibel,Septembertestament,Bibel,Die Botschaft Gottes,Greek New Testament,Greek New Testament,The Greek New Testament,GNT,Neues Testament,Novum Testamentum,Testamentum novum,Nor Ktakaran,Novijat Zavet,Novyj Zapovit,Das Neue Testament,Le Nouveau Testament,Il Nouv Testamaint,The New Testament,Nuevo Testamento,Novʹy Zákon,Novi Javjet,Novo Testamento,Novyj Zavet,Nowy Testament,Nowý Zákon,U`j Szövetség,U`j Testamentom,Die Heilige Schrift des Neuen Testaments,Det Ny Testamente,Det Nya Testamentet,Il Nuovo Testamento,Ds Nöie Teschtamänt,Hab-berit ha-ḥadaša,Sifrê hab-berit ha-ḥadaša,Niev Testament,Novum Testamentum Graece,The Greek New Testament,Novum Testamentum Graece et Latine,E Kainē diathēkē,al- ʿAhd al-ǧadīd li rabbinā wa muḫalliṣinā Yasūʿa ăl-masīḥ,al- ʿAhd al-ǧadīd,S@nöie Teschdamänt,Se Wsi Testamenti,Tèstamènt nobo,Mkpaman Elat,Bible,N.T.,Uus Testament 
SYE 0 0 |a Ästhetik,Dichtungstheorie,Literarästhetik,Literaturästhetik,Dichtkunst , Doppelung,Dualität 
SYG 0 0 |a Jesus Sirach,Sirach,Sir,Si,Eccli,Eclo,Ecclesiasticus,Jesus Sirach,Ben Sira,Wisdom of Ben Sira,Book of Ben Sira,Book of Sirach,Bibel,Deuterokanonische Bücher,Jesus Sirach,Sapientia Iesu Filii Sirach,Le Livre de l'ecclésiastique,Siracide,Buch Jesus Sirach , Gutes , Das Böse , Hebrew Bible, critical edition,HBCE,Oxford Hebrew Bible,Biblia Hebraica quinta,BHQ,Biblia Hebraica,Biblia Hebraica,Hebräische Bibel,Septuaginta,Septuagint,Masoretentext,Massoretentext,Masoretischer Text,Altes Testament,Tenach,Testamentum vetus,Vetus testamentum,Erstes Testament,L'Ancien Testament,The Old Testament,Jüdische Bibel,Tanach,Tanakh,Tenakh,Miqra,al-ʿAhd al-ʿatīq,Torah neviʾim ketuvim,Torah neviʾim u-ketuvim,Sefer Torah neviʾim ketuvim,Tôrā nĕvîʾîm û-ḵtûvîm,Die Israelitische Bibel,The Hebrew Bible,Kyûyaku Seisho,Tèstamènt bieu,Antiguo Testamento,Nnom Elat,Bible,O.T.,Bible,Old Testament,תנ"ך,תנך , Centenary translation of the New Testament,Bibel,Neues Testament,Septembertestament,Das Newe Testament Deutzsch,Bibel,Septembertestament,Bibel,Die Botschaft Gottes,Greek New Testament,Greek New Testament,The Greek New Testament,GNT,Neues Testament,Novum Testamentum,Testamentum novum,Nor Ktakaran,Novijat Zavet,Novyj Zapovit,Das Neue Testament,Le Nouveau Testament,Il Nouv Testamaint,The New Testament,Nuevo Testamento,Novʹy Zákon,Novi Javjet,Novo Testamento,Novyj Zavet,Nowy Testament,Nowý Zákon,U`j Szövetség,U`j Testamentom,Die Heilige Schrift des Neuen Testaments,Det Ny Testamente,Det Nya Testamentet,Il Nuovo Testamento,Ds Nöie Teschtamänt,Hab-berit ha-ḥadaša,Sifrê hab-berit ha-ḥadaša,Niev Testament,Novum Testamentum Graece,The Greek New Testament,Novum Testamentum Graece et Latine,E Kainē diathēkē,al- ʿAhd al-ǧadīd li rabbinā wa muḫalliṣinā Yasūʿa ăl-masīḥ,al- ʿAhd al-ǧadīd,S@nöie Teschdamänt,Se Wsi Testamenti,Tèstamènt nobo,Mkpaman Elat,Bible,N.T.,Uus Testament